Các chủ đề phát triển chọn lọc khung phân tích và bằng chứng thực nghiệm cho Việt Nam (Tài liệu chuyên khảo cho học viên cao học và nghiên cứu viên)

Nội dung sách liên quan trực tiếp đến tái cấu trúc mô hình tăng trưởng bao gồm phát triển bền vững, chất lượng tăng trưởng, hướng đến mô hình tăng trưởng xanh, các trục trặc phổ biến trong quá trình phát triển như nghèo đói, sức khỏ...

Πλήρης περιγραφή

Αποθηκεύτηκε σε:
Λεπτομέρειες βιβλιογραφικής εγγραφής
Κύριος συγγραφέας: Nguyễn Trọng Hoài
Μορφή: Βιβλίο
Γλώσσα:Vietnamese
Έκδοση: Tp. Hồ Chí Minh Kinh tế Hồ Chí Minh 2017
Θέματα:
Ετικέτες: Προσθήκη ετικέτας
Δεν υπάρχουν, Καταχωρήστε ετικέτα πρώτοι!
Thư viện lưu trữ: Thư viện Trường Đại học Nam Cần Thơ
LEADER 01465nam a22002057a 4500
001 NCT_51789
008 180924b xxu||||| |||| 00| 0 vie d
999 |c 2477  |d 2477 
020 |a 9786049224805  |c 90000 
082 0 4 |2 23rd ed.  |a 338.9597  |b H404 
100 1 |a Nguyễn Trọng Hoài 
245 1 0 |a Các chủ đề phát triển chọn lọc khung phân tích và bằng chứng thực nghiệm cho Việt Nam  |b (Tài liệu chuyên khảo cho học viên cao học và nghiên cứu viên)  |c Nguyễn Trọng Hoài 
260 |a Tp. Hồ Chí Minh  |b Kinh tế Hồ Chí Minh  |c 2017 
300 |a 256 tr.  |b Hình vẽ, bảng  |c 24cm 
500 |a ĐTTS ghi: Trường Đại học Kinh tế TP Hồ Chí Minh 
520 3 |a Nội dung sách liên quan trực tiếp đến tái cấu trúc mô hình tăng trưởng bao gồm phát triển bền vững, chất lượng tăng trưởng, hướng đến mô hình tăng trưởng xanh, các trục trặc phổ biến trong quá trình phát triển như nghèo đói, sức khỏe, giáo dục, chất lượng thể chế. . . 
653 |a Quản trị kinh doanh 
942 |2 ddc  |c BK 
952 |0 0  |1 0  |2 ddc  |4 0  |6 338_959700000000000_H404  |7 0  |9 14118  |a 000001  |b 000001  |d 2018-09-24  |o 338.9597 H404  |p MD.13448  |r 2018-09-24  |v 90000.00  |w 2018-09-24  |y BK 
980 |a Thư viện Trường Đại học Nam Cần Thơ